banner-ar

EVERY DEY ASTROLOGY:AGUIDE TO UNDERSTONING YOUR BOROSCPE / (Record no. 11404)

MARC details
000 -الفاتح
حقل البيانات ثابتة الطول 00420nam a2200157Ia 4500
008 - عناصر البيانات ثابتة الطول - معلومات عامة
حقل البيانات ثابتة الطول 140319s9999 xx 000 0 eng d
040 ## - مصدر الفهرسة
وكالة الفهرسة الأصلية GCL /
وكالة النسخ GCL
082 04 - رقم تصنيف ديوى العشرى
رقم التصنيف 133.5
رقم المادة D E
100 1# - المدخل الرئيسى - إسم شخصى
الإسم الشخصى DARIES,JILL
245 10 - بيان العنوان
العنوان EVERY DEY ASTROLOGY:AGUIDE TO UNDERSTONING YOUR BOROSCPE /
بيان المسئوليه,etc DARIES,JILL
260 ## - PUBLICATION, DISTRIBUTION, ETC. (IMPRINT)
تاريخ النشر أو التوزيع 1992
300 ## - الوصف المادى
التعداد 160P
650 04 - المدخل الاضافى بالموضوع-مصطلح موضوعى
مصطلح موضوعي ASTROLOGY
942 ## - عناصر المدخل الإضافي( كوها)
مصدر التصنيف او مخطط الترفيف Dewey Decimal Classification
Koha [default] item type كتاب
260 ## - PUBLICATION, DISTRIBUTION, ETC. (IMPRINT)
-- [S.N] :
-- CHANCELLOR PRESS ،
Holdings
حالة التراجع حالة الفقد حالة تلف ليس للاعارة المكان المؤقت الموقع الحالى تاريخ الاكتساب اجمالي اﻻعارات رقم الطلب الباركود تاريخ اخر مشاهدة تاريخ تفعيل السعر نوع وعاء كوها
        مكتبة القاهرة الكبرى مكتبة القاهرة الكبرى 03/26/2014   133.5\D E 22565 03/26/2014 03/26/2014 كتاب

Powered By

EGPV